Movies Quiz

Random Movies or Star Wars Quiz
Score 0/30 Timer 10:00
0 Plays Today
% Correct
Aladdin (Jafar)
91.4%
Spider-Man (Green Goblin)
88%
Toy Story 2 (Stinky Pete)
83.9%
Star Wars: Episode VI – Return of the Jedi (The Emperor)
82.8%
Harry Potter and the Philosopher's Stone (Professor Quirrell)
80.1%
The Lord of the Rings: The Two Towers (Saruman the White)
78.7%
The Karate Kid (Cheng)
75.7%
Guardians of the Galaxy (Ronan the Accuser)
71.5%
Gladiator (Commodus)
71.2%
300 (Xerxes)
67.8%
The Emperor's New Groove (Yzma)
67%
Pirates of the Caribbean: At World's End (Lord Cutler Beckett)
64.4%
The Prince of Egypt (Rameses II)
63.3%
Avatar (Colonel Miles Quaritch)
61.8%
Robots (Madame Gasket)
59.6%
% Correct
Star Trek II: The Wrath of Khan (Khan Noonien Singh)
56.9%
Men in Black (Edgar/Bug)
53.2%
The Good, the Bad and the Ugly (Angel Eyes)
48.3%
Justice League (Steppenwolf)
46.8%
Super Mario Bros. (President Koopa)
38.2%
Highlander (The Kurgan)
37.1%
Jason X (Uber Jason)
34.8%
Ice Age: Dawn of the Dinosaurs (Rudy)
31.1%
Star Trek Beyond (Krall)
29.6%
Hulk (David Banner)
27.3%
The Expendables 2 (Jean Vilain)
25.8%
Beverly Hills Cop II (Karla Fry)
22.8%
Basket Case (Belial Bradley)
21.3%
Halloween III: Season of the Witch (Conal Cochran)
19.5%
Overlord (Captain Wafner)
19.5%
Remove Ads.
Support Sporcle.
Get the best of Sporcle when you Go Orange. This ad-free experience offers more features, more stats, and more fun while also helping to support Sporcle. Thank you for becoming a member.

You're not logged in!

Compare scores with friends on all Sporcle quizzes.
OR
Log In

Show Comments

Extras

Top Quizzes Today


Score Distribution

Your Account Isn't Verified!

In order to create a playlist on Sporcle, you need to verify the email address you used during registration. Go to your Sporcle Settings to finish the process.

Report this User

Report this user for behavior that violates our Community Guidelines.

Details: